|
|
|
|
| LEADER |
00980nam a2200277 a 4500 |
| 001 |
12908088 |
| 008 |
090705s2003 maua 001 0 eng d |
| 010 |
|
|
|a \\2002112261
|
| 020 |
|
|
|a 0312259107
|
| 020 |
|
|
|a 1403905053
|
| 040 |
|
|
|a DLC
|c DLC
|d DLC
|
| 082 |
0 |
4 |
|a 801.95014
|2 21
|
| 100 |
1 |
|
|a Murfin, Ross C.
|
| 245 |
1 |
4 |
|a The Bedford glossary of critical and literary terms /
|c Ross Murfin, Supryia M. Ray.
|
| 250 |
|
|
|a 2nd ed.
|
| 260 |
|
|
|a Boston :
|b Bedford/St. Martin's,
|c c2003.
|
| 300 |
|
|
|a xvi, 541 p. :
|b ill. ;
|c 24 cm.
|
| 500 |
|
|
|a Includes index.
|
| 541 |
1 |
|
|e 00014173
|
| 650 |
|
0 |
|a Criticism
|v Terminology.
|
| 650 |
|
0 |
|a Literature
|v Terminology.
|
| 650 |
|
0 |
|a Literary form
|v Terminology.
|
| 700 |
1 |
|
|a Ray, Supryia M.
|
| 852 |
4 |
|
|a Ayesha Abed Library
|j General shelf
|
| 999 |
|
|
|c 2015
|d 2015
|
| 952 |
|
|
|0 0
|1 4
|2 ddc
|4 0
|6 801_950140000000000_MUR
|7 0
|9 1852
|a BRACUL
|b BRACUL
|c GEN
|d 2009-07-05
|g 1429.00
|l 0
|o 801.95014 MUR
|p 3010014173
|r 2009-07-05
|t 1
|w 2009-07-05
|y BK
|x Koha Inventory 2020
|